000 00661nam a22001817a 4500
999 _c187752
_d187752
005 20220428144203.0
010 _aENG-132450
020 _a9789385616013
_c999.00
035 _aEN-115982
037 _bDBAD/PUB
082 _a610.73
100 _aPrathibha, P.M.
245 _aNursing Foundation :
_bFor GNM First Year/
_cP.M. Prathiba
260 _aVijayawada
_bVijayam Publications
_c2022
270 _a28-2-28, Ramamandiram St., Governerpet, Eluru Road, Andhra Pradesh,
_bVijayawada
_e517502
_k0866-2432445, 888541400, 8885414666
_l2432445/6
_mvijayampublicationsvja@gmail.com
300 _aVp.
_c24cm(pbk)
942 _2ddc
_cEN
_h610.73
_mPRA